000 01179nam a2200313 c 4500
003 BLK
005 20190730095222.0
008 180413b bul|||||r ||||||| ||bul||
010 _aKNG00025601000
020 _a954-733-038-1
_bиздат.: Прозорец
040 _aBLK
041 _aBUL
_cBUL
080 _aКласическа гръцка литература. Старогръцка литература
_b821.142
_x-91-394
_z821.142-91-394
100 1 _aГералис, Йоргос
_eпърви автор
_953377
139 _aГералис, Йоргос
_bГ 38
245 1 0 _aГръцки митове
_cЙоргос Гералис.
257 _aDRG
260 София
_bПрозорец
_c1998
300 _a287 с.
_bс ил.
_c20 см
380 _aDX
490 1 _aБиблиотека Златни страници
_v2
500 _aКор. загл. Старогръцки митове. - Ориг. загл. Elliniki mythologia / Yiorgos Geralis. - Офс. изд.
653 _aмитове
852 _aЦб 198702
856 4 _qpdf
_u
856 4 _qpdf
_u
942 _cKNG
_n0
_04
944 _aCR
_c15.01.2003
_kМилена_Ачева
944 _aED
_c05.02.2013
_k
999 _c23128
_d23128